Air Quality Standards : The Decisionmaking Process.

Examines the process by which the Environmental Protection Agency sets, revises, and promulgates ambient air quality standards (NAAQS). Details the steps required in the process and areas that have attracted legislative attention in the past, including the requirement that the EPA ignore considerati...

Full description

Bibliographic Details
Corporate Authors: Library of Congress. Congressional Research Service, ProQuest (Firm)
Format: eBook
Language:English
Published: [Place of publication not identified] : [publisher not identified], 1997.
Series:U.S. Congressional Research.
Subjects:
Online Access:Connect to the full text of this electronic book

MARC

Tag First Indicator Second Indicator Subfields
LEADER 00000cam a22000001a 4500
001 in00003353721
006 m d f
007 cr bn mmmapmmp
008 100717s1997 dcu o f000 0 eng d
005 20260430152444.5
035 |a cis2007891310 
040 |a ProQuest  |c ProQuest  |d UtOrBLW 
043 |a n-us--- 
099 |a CRS-1997-ENR-0032 
110 2 |a Library of Congress.  |b Congressional Research Service. 
245 1 0 |a Air Quality Standards :  |b The Decisionmaking Process. 
264 1 |a [Place of publication not identified] :  |b [publisher not identified],  |c 1997. 
300 |a 1 online resource. 
336 |a text  |b txt  |2 rdacontent 
337 |a computer  |b c  |2 rdamedia 
338 |a online resource  |b cr  |2 rdacarrier 
500 |a Record is based on bibliographic data in ProQuest U.S. Congressional Research Digital Collection (last viewed July 2010). Reuse except for individual research requires license from ProQuest, LLC. 
500 |a CRS Report. 
520 |a Examines the process by which the Environmental Protection Agency sets, revises, and promulgates ambient air quality standards (NAAQS). Details the steps required in the process and areas that have attracted legislative attention in the past, including the requirement that the EPA ignore consideration of costs in setting NAAQS, the concept of "adequate margin of safety," the process of verifying the scientific underpinning of proposed standards, and the EPA's response to public comments. 
500 |a Electronic resource. 
650 0 |a Air  |x Pollution. 
650 0 |a Environmental law. 
655 7 |a Electronic books.  |2 local 
710 2 |a ProQuest (Firm) 
776 0 8 |i Microfiche version:   |a Library of Congress. Congressional Research Service.  |t Air Quality Standards: The Decisionmaking Process 
830 0 |a U.S. Congressional Research. 
856 4 0 |u http://proxy.library.tamu.edu/login?url=https://congressional.proquest.com/congcomp/getdoc?CRDC-ID=CRS-1997-ENR-0032  |z Connect to the full text of this electronic book  |t 0 
999 |a MARS 
999 f f |s 343efdbc-d917-3247-9d8b-adf1a835c311  |i 51a4e50e-5fb5-3cc7-a47d-95370b767412  |t 0 
952 f f |a Texas A&M University  |b College Station  |c Electronic Resources  |s www_evans  |d Available Online  |t 0  |e CRS-1997-ENR-0032  |h Other scheme 
998 f f |a CRS-1997-ENR-0032  |t 0  |l Available Online